| 000 | 00541nam a22001577a 4500 | ||
|---|---|---|---|
| 003 | macl | ||
| 005 | 20200320150858.0 | ||
| 008 | 200320b xxu||||| |||| 00| 0 eng d | ||
| 040 | _cmacl | ||
| 082 | _a001 | ||
| 100 |
_aतक्षशिला पब्लिकेशन _978702 |
||
| 245 | _aसमसामयिक घटनाक्रम 2020 | ||
| 260 |
_aइन्द्रौर _bतक्षशिला पब्लिकेशन _c2020 |
||
| 650 |
_aसामान्य अध्ययन _9178 |
||
| 942 |
_2ddc _cHIN |
||
| 999 |
_c62454 _d62454 |
||